000
00343nam a2200121Ia 4500
008
191206s9999 xx 000 0 und d
090
_a
HF1411.M44
245
0
_a
international economics of development: theory and policy
260
_a
Harper & Row
260
_c
c[1968]
300
_a
"xi, 338 p. illus. 24 cm."
999
_c
16240
_d
16240